It looks like you're offline.
Open Library logo
additional options menu

MARC Record from Scriblio

Record ID marc_records_scriblio_net/part23.dat:52592438:654
Source Scriblio
Download Link /show-records/marc_records_scriblio_net/part23.dat:52592438:654?format=raw

LEADER: 00654nam 2200217 a 4500
001 92230261
003 DLC
005 19921118083417.9
008 921022s1991 arua b 000 0 eng
010 $a 92230261
020 $a087947064X :$c$27.95
040 $aDLC$cDLC
050 00 $aUD390$b.L59 1991
082 00 $a355.8/2425$220
100 1 $aLong, Duncan.
245 10 $aHK assault rifle systems /$cDuncan Long ; edited by Larry Combs.
260 $aEl Dorado, AR :$bDesert Publications,$cc1991.
300 $av, 120 p. :$bill. ;$c28 cm.
504 $aIncludes bibliographical references (p. [115]).
650 0 $aAssault rifles.
700 10 $aCombs, Larry,$d1938-